000 00929 a2200241 4500
001 111767
020 _a9788516072964
041 _apor
082 _aYear 1 028
300 _a24 p.
490 _aMico Maneco
520 _aA Série Mico Maneco oferece às crianças uma fascinante aventura: aprender a ler, lendo. Apresentando personagens bem brasileiras, inseridas em histórias curtas e imaginativas, estes livros fazem da alfabetização um prazer. São vinte livros, agrupados em cinco coleções, que acompanham o leitor à medida que vai apresentando maior domínio da leitura.
521 _aYear 1
697 _aLiteratura infantojuvenil.
830 _aMico Maneco
856 _u00001e/00001edc.jpg
040 _aBR-BrIDEA
_cBR-BrIDEA
090 _aYear 1 028
_bMAC
100 _aMachado, Ana Maria
_d1941
245 1 0 _aCabe na mala
_c Ana Mari Machado
260 _aSão Paulo
_bModerna
_c2011
942 _cBK
999 _c111767
_d111767